000
00326nam a2200157Ia 4500
100
_a
Simon/Richard
490
_v
II
942
_c
BK
654
_a
computer
245
_a
Common Controls & Messages Book 2
260
_b
Techmedia
_c
1998
082
_a
005.139(W)SIM
300
_a
959
546
_a
ENGLISH
999
_c
27346
_d
27346